<?xml version="1.0" encoding="UTF-8"?>
<record
    xmlns:xsi="http://www.w3.org/2001/XMLSchema-instance"
    xsi:schemaLocation="http://www.loc.gov/MARC21/slim http://www.loc.gov/standards/marcxml/schema/MARC21slim.xsd"
    xmlns="http://www.loc.gov/MARC21/slim">

  <leader>00468nam a2200181Ia 4500</leader>
  <controlfield tag="003">3228</controlfield>
  <controlfield tag="005">20250317121120.0</controlfield>
  <controlfield tag="008">210816s9999    xx            000 0 und d</controlfield>
  <datafield tag="020" ind1=" " ind2=" ">
    <subfield code="a">9780636180000</subfield>
    <subfield code="q">Paperback</subfield>
  </datafield>
  <datafield tag="040" ind1=" " ind2=" ">
    <subfield code="a">RDA</subfield>
    <subfield code="c">33228</subfield>
  </datafield>
  <datafield tag="082" ind1=" " ind2=" ">
    <subfield code="a"> 822.33 SHAK</subfield>
  </datafield>
  <datafield tag="100" ind1=" " ind2=" ">
    <subfield code="a">Shakespeare, William</subfield>
  </datafield>
  <datafield tag="245" ind1=" " ind2="0">
    <subfield code="a">Hamlet</subfield>
  </datafield>
  <datafield tag="260" ind1=" " ind2=" ">
    <subfield code="a">Cape Town:</subfield>
    <subfield code="b">Pearson Marang;</subfield>
    <subfield code="c">2015.</subfield>
  </datafield>
  <datafield tag="300" ind1=" " ind2=" ">
    <subfield code="a">206 Pages</subfield>
    <subfield code="b">Colour Illustrations</subfield>
    <subfield code="c">29.5 Pages</subfield>
  </datafield>
  <datafield tag="521" ind1=" " ind2=" ">
    <subfield code="a">Adult</subfield>
  </datafield>
  <datafield tag="942" ind1=" " ind2=" ">
    <subfield code="c">BK</subfield>
    <subfield code="2">ddc</subfield>
    <subfield code="y">162</subfield>
    <subfield code="z">Elsie Maluleke</subfield>
  </datafield>
  <datafield tag="999" ind1=" " ind2=" ">
    <subfield code="c">59359</subfield>
    <subfield code="d">59358</subfield>
  </datafield>
  <datafield tag="952" ind1=" " ind2=" ">
    <subfield code="0">0</subfield>
    <subfield code="1">0</subfield>
    <subfield code="4">0</subfield>
    <subfield code="7">0</subfield>
    <subfield code="a">ACORL</subfield>
    <subfield code="b">ACORL</subfield>
    <subfield code="d">2021-08-17</subfield>
    <subfield code="g">80.00</subfield>
    <subfield code="l">0</subfield>
    <subfield code="p">33228020657407</subfield>
    <subfield code="r">2021-08-17</subfield>
    <subfield code="w">2021-08-17</subfield>
    <subfield code="y">BK</subfield>
  </datafield>
  <datafield tag="952" ind1=" " ind2=" ">
    <subfield code="0">0</subfield>
    <subfield code="1">0</subfield>
    <subfield code="2">ddc</subfield>
    <subfield code="4">0</subfield>
    <subfield code="7">0</subfield>
    <subfield code="a">MPSTL</subfield>
    <subfield code="b">MPSTL</subfield>
    <subfield code="c">Non_Fiction</subfield>
    <subfield code="d">2025-03-17</subfield>
    <subfield code="o"> 822.33 SHAK</subfield>
    <subfield code="p">33228031103056</subfield>
    <subfield code="r">2025-03-17</subfield>
    <subfield code="w">2025-03-17</subfield>
    <subfield code="y">BK</subfield>
  </datafield>
  <datafield tag="952" ind1=" " ind2=" ">
    <subfield code="0">0</subfield>
    <subfield code="1">0</subfield>
    <subfield code="2">ddc</subfield>
    <subfield code="4">0</subfield>
    <subfield code="7">0</subfield>
    <subfield code="a">MPSTL</subfield>
    <subfield code="b">MPSTL</subfield>
    <subfield code="c">Non_Fiction</subfield>
    <subfield code="d">2025-03-17</subfield>
    <subfield code="o"> 822.33 SHAK</subfield>
    <subfield code="p">33228031103053</subfield>
    <subfield code="r">2025-03-17</subfield>
    <subfield code="w">2025-03-17</subfield>
    <subfield code="y">BK</subfield>
  </datafield>
  <datafield tag="952" ind1=" " ind2=" ">
    <subfield code="0">0</subfield>
    <subfield code="1">0</subfield>
    <subfield code="2">ddc</subfield>
    <subfield code="4">0</subfield>
    <subfield code="7">0</subfield>
    <subfield code="a">MPSTL</subfield>
    <subfield code="b">MPSTL</subfield>
    <subfield code="c">Non_Fiction</subfield>
    <subfield code="d">2025-03-17</subfield>
    <subfield code="o"> 822.33 SHAK</subfield>
    <subfield code="p">33228031103052</subfield>
    <subfield code="r">2025-03-17</subfield>
    <subfield code="w">2025-03-17</subfield>
    <subfield code="y">BK</subfield>
  </datafield>
  <datafield tag="952" ind1=" " ind2=" ">
    <subfield code="0">0</subfield>
    <subfield code="1">0</subfield>
    <subfield code="2">ddc</subfield>
    <subfield code="4">0</subfield>
    <subfield code="7">0</subfield>
    <subfield code="a">MPSTL</subfield>
    <subfield code="b">MPSTL</subfield>
    <subfield code="c">Non_Fiction</subfield>
    <subfield code="d">2025-03-17</subfield>
    <subfield code="o"> 822.33 SHAK</subfield>
    <subfield code="p">33228031103054</subfield>
    <subfield code="r">2025-03-17</subfield>
    <subfield code="w">2025-03-17</subfield>
    <subfield code="y">BK</subfield>
  </datafield>
  <datafield tag="952" ind1=" " ind2=" ">
    <subfield code="0">0</subfield>
    <subfield code="1">0</subfield>
    <subfield code="2">ddc</subfield>
    <subfield code="4">0</subfield>
    <subfield code="7">0</subfield>
    <subfield code="a">MPSTL</subfield>
    <subfield code="b">MPSTL</subfield>
    <subfield code="c">Non_Fiction</subfield>
    <subfield code="d">2025-03-17</subfield>
    <subfield code="o"> 822.33 SHAK</subfield>
    <subfield code="p">33228031103055</subfield>
    <subfield code="r">2025-03-17</subfield>
    <subfield code="w">2025-03-17</subfield>
    <subfield code="y">BK</subfield>
  </datafield>
  <datafield tag="952" ind1=" " ind2=" ">
    <subfield code="0">0</subfield>
    <subfield code="1">0</subfield>
    <subfield code="2">ddc</subfield>
    <subfield code="4">0</subfield>
    <subfield code="7">0</subfield>
    <subfield code="a">LYDEL</subfield>
    <subfield code="b">MASHL</subfield>
    <subfield code="d">2025-05-15</subfield>
    <subfield code="l">0</subfield>
    <subfield code="o"> 822.33 SHAK</subfield>
    <subfield code="p">3322803184117</subfield>
    <subfield code="r">2025-05-15</subfield>
    <subfield code="w">2025-05-15</subfield>
    <subfield code="y">BK</subfield>
  </datafield>
  <datafield tag="952" ind1=" " ind2=" ">
    <subfield code="0">0</subfield>
    <subfield code="1">0</subfield>
    <subfield code="2">ddc</subfield>
    <subfield code="4">0</subfield>
    <subfield code="7">0</subfield>
    <subfield code="a">LYDEL</subfield>
    <subfield code="b">MASHL</subfield>
    <subfield code="d">2025-05-15</subfield>
    <subfield code="l">0</subfield>
    <subfield code="o"> 822.33 SHAK</subfield>
    <subfield code="p">3322803184119</subfield>
    <subfield code="r">2025-05-15</subfield>
    <subfield code="w">2025-05-15</subfield>
    <subfield code="y">BK</subfield>
  </datafield>
  <datafield tag="952" ind1=" " ind2=" ">
    <subfield code="0">0</subfield>
    <subfield code="1">0</subfield>
    <subfield code="2">ddc</subfield>
    <subfield code="4">0</subfield>
    <subfield code="7">0</subfield>
    <subfield code="8">800</subfield>
    <subfield code="a">LYDEL</subfield>
    <subfield code="b">MASHL</subfield>
    <subfield code="c">Non_Fiction</subfield>
    <subfield code="d">2025-12-01</subfield>
    <subfield code="l">0</subfield>
    <subfield code="o"> 822.33 SHAK</subfield>
    <subfield code="p">3322803184120</subfield>
    <subfield code="r">2025-12-01</subfield>
    <subfield code="w">2025-12-01</subfield>
    <subfield code="y">BK</subfield>
  </datafield>
  <datafield tag="952" ind1=" " ind2=" ">
    <subfield code="0">0</subfield>
    <subfield code="1">0</subfield>
    <subfield code="2">ddc</subfield>
    <subfield code="4">0</subfield>
    <subfield code="7">0</subfield>
    <subfield code="8">800</subfield>
    <subfield code="a">LYDEL</subfield>
    <subfield code="b">MASHL</subfield>
    <subfield code="c">Non_Fiction</subfield>
    <subfield code="d">2025-12-01</subfield>
    <subfield code="l">0</subfield>
    <subfield code="o"> 822.33 SHAK</subfield>
    <subfield code="p">3322803184118</subfield>
    <subfield code="r">2025-12-01</subfield>
    <subfield code="w">2025-12-01</subfield>
    <subfield code="y">BK</subfield>
  </datafield>
  <datafield tag="952" ind1=" " ind2=" ">
    <subfield code="0">0</subfield>
    <subfield code="1">0</subfield>
    <subfield code="2">ddc</subfield>
    <subfield code="4">0</subfield>
    <subfield code="7">0</subfield>
    <subfield code="8">800</subfield>
    <subfield code="a">LYDEL</subfield>
    <subfield code="b">MASHL</subfield>
    <subfield code="c">Non_Fiction</subfield>
    <subfield code="d">2026-01-27</subfield>
    <subfield code="l">0</subfield>
    <subfield code="o"> 822.33 SHAK</subfield>
    <subfield code="p">3322803184116</subfield>
    <subfield code="r">2026-01-27</subfield>
    <subfield code="w">2026-01-27</subfield>
    <subfield code="y">BK</subfield>
  </datafield>
</record>
